000 01152nam0a2200337 i 4500
001 RU\NLR\BIBL_A\011188605
005 20240921161534.0
010 _a9785170974092
_97500
021 _aRU
_b2016-56175
_93564
035 _a(NILC)RuMoRGB-008550239
035 _a(NLR Aleph) 011188605
090 _a11855929
_c11855929
100 _a20160804d2016 um y0rusy50 ca
101 0 _arus
102 _aRU
105 _aa|||z|||000ay
200 1 _aСевастопольский Дозор
_e[фантастический роман]
_fСергей Недоруб
_g[худож.: С. Неживясов]
210 _aМосква
_cАСТ
_d2016
215 _a350, [1] с.
_cил.
_d22
225 1 _aПроект Сергея Лукьяненко
225 1 _aДозоры
675 _a821
686 2 _aШ6(2=Р)8-445
700 1 _7ca
_8rus
_aНедоруб
_bС. И.
_f1982-
_gСергей Иванович
_9188908
_3RU\NLR\AUTH\770188959
702 1 _aНеживясов
_bС.
_4040
801 0 _aRU
_bРГБ
_c20160715
_gRCR
942 _cBOOK
980 _aNBR